Procesos de concertación en Nicaragua /

Đã lưu trong:
Chi tiết về thư mục
Tác giả chính: Serrano Caldera, Alejandro
Định dạng: Texto
Các nhãn: Thêm thẻ
Không có thẻ, Là người đầu tiên thẻ bản ghi này!

MARC

LEADER 00000 a a2200000 04500
001 7408
003
040
100 |a Serrano Caldera, Alejandro  
245 |a Procesos de concertación en Nicaragua /  |c Alejandro Serrano Caldera 
773 |g número 12; páginas 35-38  
999 |c 27657  |d 27657